00360nam a2200121Ia 4500008004100000100001700041245013000058260001200188260001100200260000900211300000700220650001100227160103s9999 xx 000 0 und d10aSafwan Ishfa aCharacterization of White and Yellow rubbers and Characterization and evaluation of vulcanizate properties of modified grades aColombo bIchemc c2013 a94 aRubber